| 000 | 00996nam a2200265 a 4500 | ||
|---|---|---|---|
| 001 | 000009291 | ||
| 003 | DO-SdBNP | ||
| 005 | 20260521073716.0 | ||
| 007 | ta | ||
| 008 | 090929s1988 dr 000 0 spa d | ||
| 040 |
_aDO-SdBNP _bspa _cBNPHU |
||
| 049 | _aBNPD | ||
| 082 | 4 |
_a338.197293 _bS225c _222 |
|
| 100 | 1 |
_aSang, Mu-Kien A. _d1955- _q(Mu-Kien Adriana) _9331 |
|
| 245 | 1 | 3 |
_aLa crisis de alimentos en República Dominicana : _bensayos sobre la política de comercialización y seguridad alimentaria 1966-1986 / _cMiguel Sang Ben ; prólogo Rosario Espinal Jacobo. |
| 260 |
_aSanto Domingo : _bUNIBE, _c1988. |
||
| 300 |
_a101 p. ; _c23 cm. |
||
| 500 | _aIncluye notas al pie de las páginas | ||
| 590 | _aInventariado, 2023/BT | ||
| 650 | 4 |
_aCrisis económica _zRepública Dominicana _913092 |
|
| 650 | 0 |
_aAbastecimiento de alimentos _zRepública Dominicana _95254 |
|
| 700 | 1 |
_aEspinal, Rosario _d1955- _epról. _943869 |
|
| 710 | 2 |
_aUnivesidad Iberoamericana _924022 |
|
| 942 |
_2ddc _cLBS1 |
||
| 999 |
_c9052 _d9052 |
||